Tkáč namiesto bicykla "sedlá" kolieskové korčule v Stupave sa v piatok zišlo 21 zo 65 slovenských olympijských medailistov

Podrobná bibliografia
Hlavní autori: Gressner, Igor (Autor), Souček, Ľubomír, 1961- (Autor)
Ďalší autori: Nagy, Ladislav (Fotograf)
Médium: Článok
Jazyk:slovenčina
Fyzický popis:Fotogr., tab.
ISSN:0139-7001
Predmet:

MARC

LEADER 00000nab a2200000 a 4500
001 vtls000812660
003 SK-MaSNL
005 20260302165345.0
008 180206c2002 xo 0 slo
015 |a SNBRB2002/11-35314 
035 |a CLN000164315 
040 |a SNKBUCL  |b slo  |c SNKBUCL  |e AACR2 
041 0 |a slo 
044 |a xo  |c SK 
080 |a 796.032.2.071(437.6)  |2 UDC-MRF-SK2 
245 0 0 |a Tkáč namiesto bicykla "sedlá" kolieskové korčule  |b v Stupave sa v piatok zišlo 21 zo 65 slovenských olympijských medailistov  |c pripravili Igor Gressner, Ľubomír Souček ; Ladislav Nagy 
300 |b Fotogr., tab. 
650 0 7 |a hry olympijské  |x športovci najúspešnejší slovenskí  |2 snkbucl  |9 869815 
655 7 |a články z novín a časopisov  |2 snkbucl  |9 267496 
700 1 |a Gressner, Igor  |4 aut  |9 838363 
700 1 |a Souček, Ľubomír,  |d 1961-  |4 aut  |9 107270 
700 1 |a Nagy, Ladislav  |4 pht  |9 6373 
773 0 |x 0139-7001  |t Šport  |g Roč. 56, č. 251 (28.10.2002), s. 2 
850 |a Slovenská národná knižnica v Martine 
852 |a SNK  |b KIS3GCP 
958 |a RBX 
999 |c 1389726  |d 1391656